Practical infromation technology / (Record no. 354654)
[ view plain ]
| 000 -LEADER | |
|---|---|
| fixed length control field | 00296nam a2200109Ia 4500 |
| 008 - FIXED-LENGTH DATA ELEMENTS--GENERAL INFORMATION | |
| fixed length control field | 180205s9999 xx 000 0 und d |
| 020 ## - INTERNATIONAL STANDARD BOOK NUMBER | |
| International Standard Book Number | 340490683 |
| 100 ## - MAIN ENTRY--PERSONAL NAME | |
| Personal name | Arnold, Edward |
| 245 ## - TITLE STATEMENT | |
| Title | Practical infromation technology / |
| 260 ## - PUBLICATION, DISTRIBUTION, ETC. (IMPRINT) | |
| Place of publication, distribution, etc | Great Britain: |
| Name of publisher, distributor, etc | Word star |
| Date of publication, distribution, etc | 1989 |
| 300 ## - PHYSICAL DESCRIPTION | |
| Extent | ix, 198 pages |
| Withdrawn status | Lost status | Damaged status | Home library | Current library | Shelving location | Date acquired | Source of acquisition | Total Checkouts | Full call number | Barcode | Date last seen | Price effective from | Koha item type |
|---|---|---|---|---|---|---|---|---|---|---|---|---|---|
| Southville International School Affiliated with Foreign Universities Library | Southville International School Affiliated with Foreign Universities Library | Southville Foreign University Section | 02/05/2018 | Library Fund | QA 76 .P951 1989 | SFU1426 | 05/15/2018 | 02/05/2018 | Books |